Statistics for Christmas Anagrams

Click here to take the quiz!

General Stats

  • This quiz has been taken 94 times
  • The average score is 12 of 15

Answer Stats

HintAnswer% Correct
RETETREE
99%
RMHCISASTCHRISTMAS
98%
TRASSTAR
95%
NASATSANTA
91%
DRREEEINREINDEER
89%
RESTENPPRESENT
85%
DORUHPLRUDOLPH
84%
UREYKTTURKEY
84%
LANEGANGEL
80%
ILTZBENBLITZEN
79%
GEGOGNEGG NOG
79%
LUASCCLAUS
74%
NACDYNACECANDY CANE
70%
DATVENADVENT
60%
UABELBBAUBLE
54%

Score Distribution

Percentile by Number Answered

Percent of People with Each Score

Your Score History

You have not taken this quiz